000
00337 a2200157 4500
001
185786
020
_a
85-15-00395-3
040
_c
Magnum
100
_a
Ceschin, José a
240
1
0
_a
O pardal medroso
_l
por
245
1
0
_a
O pardal medroso
300
_a
23
440
1
_a
Loyola
697
_a
LITERATURA INFANTO-JUVENIL
942
_c
BK
999
_c
185786
_d
185786